=LDR 00000nam 2200000 4500 =001 INLIS000000000031803 =005 20130612133843 =008 ***********************************ind** =035 ##$$0010-061300000031803 =041 ##$$a ind =082 ##$$a 347.05 =090 ##$$a R.347.05, Kam k =100 ##$$a KAMIL, Ahmad , Drs.H,SH.,M.Hum =245 ##$$a Kearah Pembaruan Hukum Acara Perdata Dalam Serma dan Perma, Drs.H.Ahmad Kamil,SH.M.Hum dan H.M.Fauzan, SH.MM.MH =260 ##$$a 2008 $b Jakarta =300 ##$$a xiv,237 hlm. , 21 cm =650 ##$$a HUKUM PERDATA =700 ##$$a FAUZAN,M , H.,SH.,MM.,MH =850 ##$$a NBPNMAT